000 00645nam a2200217Ia 4500
005 20231206093425.0
008 131103s9999 xx 000 0 und d
020 _a052128293 4
_cRs.560
040 _aLoreto College
041 _aEnglish
082 _a421.52
_bBAK
100 _aBaker,Ann
245 _aTree or Three?
_b
_cAnn Baker
250 _aan elementary pronunciation course
_bwith drawings by Laslie Marshall
260 _aCambridge
_bCambridge University Press
_c1982
300 _a121 p.
_b ill.
440 _aIntroducting English Pronunciation
650 _aEnglish Language - Pronunciation
850 _aLCLIB
942 _cBK
999 _c6235
_d56714